[Event "zonal 2.3"]
[Site "San Salvador ESA"]
[Date "1998.11.09"]
[Round "4"]
[White "Clavijo, Jorge Mario"]
[Black "Hernandez, Gilberto"]
[Result "1/2-1/2"]
[WhiteElo "2400"]
[BlackElo "2520"]
[EventDate "1998.11.05"]
[PlyCount "53"]

1.d4 Nf6 2.c4 c5 3.d5 g6 4.Nc3 Bg7 5.e4 d6 6.Bd3 O-O 7.Nf3 e6 8.h3 exd5 9.
cxd5 b5 10.Nxb5 Re8 11.O-O Nxe4 12.Re1 a6 13.Na3 Nf6 14.Rxe8+ Nxe8 15.Bg5 
Qc7 16.Qd2 Bb7 17.Bc4 Nd7 18.Re1 Nef6 19.b3 Nb6 20.Bxf6 Bxf6 21.Nc2 Qd7 
22.Ne3 Re8 23.Qa5 Nxc4 24.bxc4 h5 25.Rb1 Bc8 26.Qb6 Kg7 27.Qc6 1/2-1/2

[Event "zonal 2.3"]
[Site "San Salvador ESA"]
[Date "1998.11.09"]
[Round "4"]
[White "Murillo Tsijli, Alexis"]
[Black "Ruiz Gonzalez, Guillermo"]
[Result "1/2-1/2"]
[WhiteElo "2420"]
[BlackElo "2310"]
[EventDate "1998.11.05"]
[PlyCount "148"]

1.e4 c5 2.Nf3 d6 3.d4 cxd4 4.Nxd4 Nf6 5.Nc3 Nc6 6.Bc4 Qb6 7.Ndb5 a6 8.Be3 
Qa5 9.Nd4 e6 10.O-O Be7 11.Bb3 O-O 12.f4 Bd7 13.Kh1 Nxd4 14.Bxd4 Bc6 15.
Qd3 b5 16.a3 Rfd8 17.e5 Ne8 18.Qe3 Rab8 19.f5 dxe5 20.Bxe5 Rb7 21.fxe6 f6 
22.Bg3 Nd6 23.Bxd6 Rxd6 24.Rad1 Rxd1 25.Rxd1 g6 26.Bd5 Qc7 27.Qe4 Rb6 28.
Bxc6 Qxc6 29.Nd5 Kg7 30.Re1 Rb7 31.c3 Ra7 32.Re3 a5 33.Rh3 Qc5 34.Re3 Ra6 
35.Re1 Ra7 36.h3 Qf2 37.Nxe7 Rxe7 38.b3 Qc5 39.a4 bxa4 40.bxa4 Qxc3 41.Kh2
Qb4 42.Qxb4 axb4 43.Re4 f5 44.Rxb4 Rxe6 45.Rb7+ Kf6 46.Rxh7 Re4 47.Ra7 Kg5
48.a5 Ra4 49.a6 Ra3 50.Ra8 Kf4 51.h4 Ra2 52.a7 Ra1 53.Rg8 Rxa7 54.Rxg6 Ke5
55.Kh3 Ra3+ 56.Rg3 Ra1 57.Rb3 Rh1+ 58.Kg3 Kf6 59.Rb4 Kg6 60.Rb8 Kg7 61.Ra8
Kg6 62.Ra6+ Kg7 63.Ra4 Kg6 64.Kf2 Rb1 65.g3 Rb3 66.Ra6+ Kg7 67.h5 Rc3 68.
Kg2 Rb3 69.Rg6+ Kf7 70.Rc6 Kg7 71.Kh2 Ra3 72.Rc5 Kf6 73.Rc6+ Kg5 74.h6 Ra7
1/2-1/2

[Event "zonal 2.3"]
[Site "San Salvador ESA"]
[Date "1998.11.09"]
[Round "4"]
[White "Becerra Rivero, Julio"]
[Black "Guillen Ramirez, Jose Antonio"]
[Result "1-0"]
[WhiteElo "2485"]
[BlackElo "2220"]
[EventDate "1998.11.05"]
[PlyCount "109"]

1.e4 c5 2.Nf3 Nc6 3.Bb5 Nf6 4.e5 Nd5 5.Nc3 Nc7 6.Bxc6 dxc6 7.h3 g6 8.d3 
Bg7 9.Be3 Ne6 10.Ne4 b6 11.Qd2 Nd4 12.Nxd4 cxd4 13.Bh6 Bxe5 14.f4 Bc7 15.
O-O Be6 16.Rae1 Qd7 17.Ng5 Bd5 18.Bg7 Rg8 19.Bf6 Be6 20.Nxe6 fxe6 21.Bg5 
O-O-O 22.Qe2 Rg7 23.Qg4 h5 24.Qxe6 Qxe6 25.Rxe6 Kd7 26.Rfe1 Bd6 27.Bh6 
Rgg8 28.Kf2 c5 29.Kf3 Ke8 30.Bg5 Rd7 31.Rxd6 Rxd6 32.Rxe7+ Kf8 33.Rxa7 Re6
34.a4 Ke8 35.a5 bxa5 36.Rxa5 Kd7 37.Rxc5 Re3+ 38.Kf2 Rge8 39.Bf6 Re2+ 40.
Kg1 Rd2 41.Bxd4 h4 42.Be5 Ra8 43.Rc7+ Ke6 44.Rh7 Rxc2 45.Rxh4 Rd8 46.d4 
Kf5 47.Rg4 Rxb2 48.Rg5+ Ke4 49.Rxg6 Rc8 50.Kh2 Rcc2 51.d5 Ra2 52.d6 Rd2 
53.h4 Ke3 54.h5 Kf2 55.h6 1-0

[Event "zonal 2.3"]
[Site "San Salvador ESA"]
[Date "1998.11.09"]
[Round "4"]
[White "Minero Pineda, Sergio"]
[Black "Pilarte, Rene"]
[Result "1-0"]
[WhiteElo "2405"]
[BlackElo "2250"]
[EventDate "1998.11.05"]
[PlyCount "103"]

1.d4 c5 2.d5 d6 3.e4 Nf6 4.Nc3 a6 5.a4 g6 6.f4 Bg7 7.Nf3 e6 8.dxe6 Bxe6 9.
Be2 Nc6 10.O-O d5 11.e5 Ne4 12.Nxe4 dxe4 13.Qxd8+ Rxd8 14.Ng5 Nd4 15.Bd1 
Bd5 16.Re1 O-O 17.c3 Ne6 18.Nxe6 fxe6 19.Bc2 a5 20.Be3 b6 21.Rad1 g5 22.g3
gxf4 23.Bxf4 Kf7 24.Kf2 Kg6 25.Ke3 Rb8 26.b3 c4 27.bxc4 Ba8 28.Rd6 Rfe8 
29.Bxe4+ Bxe4 30.Kxe4 Bf8 31.Rc6 Bc5 32.Rd1 Rb7 33.g4 h6 34.Be3 Bxe3 35.
Kxe3 h5 36.gxh5+ Kxh5 37.Rdd6 Kg5 38.Rxb6 Rxb6 39.Rxb6 Kf5 40.Rb5 Rh8 41.
Rxa5 Rxh2 42.Rb5 Rh3+ 43.Kd4 Rh4+ 44.Kd3 Rh2 45.a5 Ra2 46.Kd4 Rd2+ 47.Kc5 
Kxe5 48.Kb6+ Kf4 49.c5 e5 50.c6 Rh2 51.c7 Rh8 52.Kb7 1-0

[Event "zonal 2.3"]
[Site "San Salvador ESA"]
[Date "1998.11.09"]
[Round "4"]
[White "Fierro Baquero, Martha"]
[Black "Rohl Montes, Juan"]
[Result "0-1"]
[WhiteElo "2240"]
[BlackElo "2330"]
[EventDate "1998.11.05"]
[PlyCount "88"]

1.e4 c5 2.Nf3 e6 3.c4 a6 4.Nc3 Qc7 5.Be2 d6 6.d4 cxd4 7.Nxd4 Nf6 8.O-O Be7
9.Be3 b6 10.f4 O-O 11.Bf3 Bb7 12.Rc1 Nbd7 13.f5 e5 14.Nd5 Qd8 15.Ne2 Bxd5 
16.cxd5 Nc5 17.b4 Ncxe4 18.Rc6 h6 19.Bxb6 Qd7 20.Bxe4 Nxe4 21.Qd3 Nf6 22.
Ng3 Rfe8 23.Ne4 Nxe4 24.Qxe4 Bg5 25.a4 Rac8 26.Rf3 Bd8 27.Bxd8 Rexd8 28.f6
Rxc6 29.dxc6 d5 30.Qc2 Qa7+ 31.Kh1 Qd4 32.h3 e4 33.Rf4 Qa1+ 34.Kh2 Qe5 35.
g3 e3 36.Qe2 d4 37.Qg4 g6 38.Re4 Qxf6 39.c7 Qf2+ 40.Kh1 Qe1+ 41.Kg2 Qd2+ 
42.Kg1 Qc1+ 43.Kg2 Qc2+ 44.Kg1 Qxc7 0-1

[Event "zonal 2.3"]
[Site "San Salvador ESA"]
[Date "1998.11.09"]
[Round "4"]
[White "Soto Paez, Oliver"]
[Black "Reyes Najera, Carlos Antonio"]
[Result "1/2-1/2"]
[WhiteElo "2320"]
[BlackElo "2235"]
[EventDate "1998.11.05"]
[PlyCount "57"]

1.e4 c5 2.Nf3 e6 3.d4 cxd4 4.Nxd4 Nc6 5.Nb5 d6 6.Bf4 e5 7.Be3 a6 8.N5c3 
Nf6 9.Be2 Be6 10.O-O d5 11.exd5 Nxd5 12.Nxd5 Qxd5 13.Nc3 Qa5 14.Bf3 Rd8 
15.Bxc6+ bxc6 16.Qf3 Rc8 17.Qg3 h5 18.f4 h4 19.Qg5 h3 20.fxe5 hxg2 21.Rf3 
Qb4 22.Rb1 Rb8 23.Bf2 Bh3 24.e6 Bxe6 25.Re1 Rh6 26.Nd5 cxd5 27.Rb3 Qd6 28.
Bg3 Qc5+ 29.Bf2 1/2-1/2

[Event "zonal 2.3"]
[Site "San Salvador ESA"]
[Date "1998.11.09"]
[Round "4"]
[White "Jimenez Molina, Juan Leon"]
[Black "Valdes Romero, Leonardo"]
[Result "1/2-1/2"]
[WhiteElo "2220"]
[BlackElo "2285"]
[EventDate "1998.11.05"]
[PlyCount "53"]

1.e4 c5 2.Nf3 d6 3.d4 cxd4 4.Nxd4 Nf6 5.Nc3 a6 6.Bc4 e6 7.Bb3 Be7 8.O-O 
O-O 9.f4 Qc7 10.f5 e5 11.Nde2 b5 12.Bg5 Nbd7 13.Ng3 Bb7 14.Nh5 b4 15.Bxf6 
Nxf6 16.Nxf6+ Bxf6 17.Nd5 Bxd5 18.Qxd5 a5 19.Rad1 a4 20.Bc4 Rac8 21.b3 
axb3 22.axb3 Rcd8 23.Ra1 Rd7 24.Ra6 Bg5 25.Kf2 Qc5+ 26.Qxc5 dxc5 27.Bd5 
1/2-1/2

[Event "zonal 2.3"]
[Site "San Salvador ESA"]
[Date "1998.11.09"]
[Round "4"]
[White "Beltran, Carlos Armando"]
[Black "Sosa Trani, Luis"]
[Result "1-0"]
[WhiteElo "2270"]
[BlackElo "2225"]
[EventDate "1998.11.05"]
[PlyCount "87"]

1.d4 d5 2.Nf3 Nc6 3.Bf4 Bg4 4.e3 e6 5.Be2 Bd6 6.Bxd6 Qxd6 7.O-O Nf6 8.Nbd2
O-O 9.c4 Rfe8 10.c5 Qe7 11.Bb5 Ne4 12.Qa4 Nxd2 13.Nxd2 a6 14.Bxc6 bxc6 15.
f3 Bf5 16.Rf2 e5 17.Qxc6 exd4 18.exd4 Red8 19.Nf1 h5 20.Rd1 h4 21.Rdd2 h3 
22.Rfe2 Qg5 23.Qxc7 hxg2 24.Rxg2 Qh6 25.Ng3 Qe3+ 26.Rgf2 Bh3 27.Qe5 Re8 
28.Qxe3 Rxe3 29.Rfe2 Rxf3 30.Rf2 Re3 31.Nf1 Re1 32.Rf3 Bg4 33.Re3 Ra1 34.
a3 a5 35.Kf2 a4 36.Re5 Ra6 37.Ne3 Rf6+ 38.Kg3 Be6 39.Rd1 Ra2 40.Rd2 Ra1 
41.h4 Re1 42.Nxd5 Rg6+ 43.Kh2 Bxd5 44.Rxe1 1-0

[Event "zonal 2.3"]
[Site "San Salvador ESA"]
[Date "1998.11.09"]
[Round "4"]
[White "Chavez, Hector Eduardo"]
[Black "Castillo Melenes, Otto Rene"]
[Result "0-1"]
[WhiteElo "2070"]
[BlackElo "2195"]
[EventDate "1998.11.05"]
[PlyCount "58"]

1.e4 e5 2.Bc4 Nf6 3.Qe2 Bc5 4.d3 O-O 5.Nf3 d6 6.c3 Nc6 7.Bb3 h6 8.Nbd2 Kh8
9.h3 Nh7 10.g4 Ne7 11.Nf1 Be6 12.Bc2 Ng6 13.Ng3 c6 14.Nf5 d5 15.h4 b5 16.
b3 Re8 17.h5 dxe4 18.hxg6 exf3 19.Qxf3 fxg6 20.Nh4 Bd5 21.Nxg6+ Kg8 22.Qh3
Bxh1 23.Qxh1 Qf6 24.Qe4 Qxf2+ 25.Kd1 Qf1+ 26.Qe1 Qxe1+ 27.Kxe1 Re6 28.d4 
exd4+ 29.Kd1 dxc3 0-1

[Event "zonal 2.3"]
[Site "San Salvador ESA"]
[Date "1998.11.10"]
[Round "5"]
[White "Arencibia, Walter"]
[Black "Garcia, Gildardo"]
[Result "1-0"]
[WhiteElo "2550"]
[BlackElo "2510"]
[EventDate "1998.11.05"]
[PlyCount "73"]

1.d4 Nf6 2.c4 e6 3.Nf3 c5 4.e3 d5 5.dxc5 Bxc5 6.a3 Nc6 7.b4 Bd6 8.Nbd2 a5 
9.b5 Ne7 10.Bb2 O-O 11.Bd3 b6 12.cxd5 Nexd5 13.g3 Bb7 14.e4 Ne7 15.Qe2 Ng6
16.Nc4 Bc5 17.O-O Qc7 18.e5 Nd5 19.Ng5 Rae8 20.Nd6 Re7 21.Qh5 h6 22.Ndxf7 
Rfxf7 23.Qxg6 Kf8 24.Qxf7+ Rxf7 25.Nxe6+ Ke7 26.Nxc7 Nxc7 27.Rae1 Bd5 28.
e6 Nxe6 29.Re5 Kd6 30.Be4 Bxe4 31.Rxe4 Ng5 32.Re2 Kd5 33.Kg2 Kc4 34.f4 Nh7
35.a4 Nf6 36.Rf3 Nd5 37.Re4+ 1-0

[Event "zonal 2.3"]
[Site "San Salvador ESA"]
[Date "1998.11.10"]
[Round "5"]
[White "Hernandez, Gilberto"]
[Black "Zapata, Alonso"]
[Result "1-0"]
[WhiteElo "2520"]
[BlackElo "2470"]
[EventDate "1998.11.05"]
[PlyCount "159"]

1.e4 c5 2.Nf3 e6 3.d3 Nc6 4.g3 d5 5.Qe2 Nge7 6.Bg2 g6 7.h4 h6 8.O-O Bg7 9.
Re1 b6 10.c3 a5 11.a4 Ba6 12.e5 Qd7 13.Na3 Na7 14.Bd2 Rd8 15.b4 d4 16.b5 
dxc3 17.Bxc3 Bb7 18.Rad1 Nd5 19.Bb2 O-O 20.Nc4 Nc8 21.d4 Qc7 22.h5 Nb4 23.
hxg6 fxg6 24.Nh4 Bxg2 25.Nxg2 g5 26.Nge3 cxd4 27.Bxd4 Nd5 28.Ng4 Qf7 29.
Nce3 Nce7 30.Nf6+ Bxf6 31.exf6 Nf5 32.Ng4 h5 33.Ne5 Nxd4 34.Rxd4 Qxf6 35.
Rc4 g4 36.Rc6 Qf5 37.Nc4 Nc3 38.Qxe6+ Qxe6 39.Rexe6 Rf5 40.Ne3 Rc5 41.Rxb6
Nxa4 42.Rg6+ Kh7 43.Rh6+ Kg7 44.Rbg6+ Kf7 45.Rf6+ Kg7 46.Rhg6+ Kh7 47.b6 
Rb5 48.Rh6+ Kg7 49.Rfg6+ Kf7 50.Rc6 Kg7 51.Rhg6+ Kh8 52.Rgf6 Rb8 53.Nc4 
Rb7 54.Kg2 Rb4 55.Rh6+ Kg7 56.Rhg6+ Kh7 57.Rh6+ Kg8 58.Rxh5 Nxb6 59.Nxb6 
R7xb6 60.Rxb6 Rxb6 61.Rg5+ Kf7 62.Rxg4 Ra6 63.Ra4 Ke6 64.g4 Kf6 65.Kg3 Kg6
66.f4 Ra8 67.Kf3 Kf6 68.Ke4 Re8+ 69.Kd5 Rg8 70.f5 Ra8 71.Kc6 Rb8 72.Kc5 
Kg5 73.Re4 Rb7 74.Kd6 Rb6+ 75.Ke7 Rb7+ 76.Ke8 Ra7 77.Re6 Kxg4 78.f6 Kf5 
79.Rb6 Ra8+ 80.Kf7 1-0

[Event "zonal 2.3"]
[Site "San Salvador ESA"]
[Date "1998.11.10"]
[Round "5"]
[White "Murillo Tsijli, Alexis"]
[Black "Clavijo, Jorge Mario"]
[Result "0-1"]
[WhiteElo "2420"]
[BlackElo "2400"]
[EventDate "1998.11.05"]
[PlyCount "116"]

1.e4 c5 2.Nf3 d6 3.d4 cxd4 4.Nxd4 Nf6 5.Nc3 Nc6 6.Bc4 g6 7.Nxc6 bxc6 8.e5 
d5 9.exf6 dxc4 10.Qxd8+ Kxd8 11.Bg5 h6 12.O-O-O+ Ke8 13.fxe7 Bxe7 14.Bxe7 
Kxe7 15.Rd4 Be6 16.Re1 Kf6 17.Rf4+ Kg7 18.Rd1 Rhd8 19.Rfd4 Rxd4 20.Rxd4 
Kf6 21.Kd2 Rb8 22.Ne4+ Ke5 23.Kc3 Bd5 24.f3 Re8 25.f4+ Ke6 26.g3 f5 27.
Nc5+ Kd6 28.Nb7+ Kc7 29.Na5 Re2 30.Rd2 Re3+ 31.Kb4 Re4 32.c3 Kb6 33.Ka4 h5
34.Rf2 Bf7 35.Rd2 Bd5 36.Rf2 Re3 37.Rd2 h4 38.gxh4 Rd3 39.Re2 Rf3 40.Re7 
Rxf4 41.Rb7+ Kc5 42.Rxa7 Rxh4 43.Rg7 Rxh2 44.Nb7+ Kb6 45.Ka3 Rh8 46.Kb4 
Rg8 47.Rh7 c5+ 48.Nxc5 Kc6 49.Nd7 Kd6 50.Nb6 Rb8 51.Ka5 Be6 52.Rh6 Bf7 53.
Rh7 Rf8 54.Kb5 f4 55.Rh1 f3 56.Rd1+ Ke7 57.Nxc4 Bxc4+ 58.Kxc4 f2 0-1

[Event "zonal 2.3"]
[Site "San Salvador ESA"]
[Date "1998.11.10"]
[Round "5"]
[White "Ruiz Gonzalez, Guillermo"]
[Black "Minero Pineda, Sergio"]
[Result "1/2-1/2"]
[WhiteElo "2310"]
[BlackElo "2405"]
[EventDate "1998.11.05"]
[PlyCount "46"]

1.e4 e6 2.d4 d5 3.Nd2 Nf6 4.e5 Nfd7 5.f4 c5 6.c3 Nc6 7.Ndf3 Be7 8.Bd3 cxd4
9.cxd4 O-O 10.Ne2 f5 11.O-O Nb6 12.Kh1 Bd7 13.Rg1 Nb4 14.Bb1 Be8 15.a3 Na6
16.g4 Rc8 17.gxf5 exf5 18.Ng3 Bg6 19.Qf1 Rc6 20.Qh3 Qc8 21.Bd3 Nc7 22.Ne2 
Ne6 23.b3 Rc3 1/2-1/2

[Event "zonal 2.3"]
[Site "San Salvador ESA"]
[Date "1998.11.10"]
[Round "5"]
[White "Rohl Montes, Juan"]
[Black "Beltran, Carlos Armando"]
[Result "1-0"]
[WhiteElo "2330"]
[BlackElo "2270"]
[EventDate "1998.11.05"]
[PlyCount "91"]

1.e4 Nc6 2.Nf3 d6 3.d4 Nf6 4.Nc3 Bg4 5.Be3 e6 6.Be2 d5 7.exd5 Nxd5 8.Nxd5 
Qxd5 9.h3 Bxf3 10.Bxf3 Qb5 11.Qe2 Qxe2+ 12.Kxe2 O-O-O 13.Bxc6 bxc6 14.Rhd1
Be7 15.Rd3 Bf6 16.Rad1 Be7 17.c4 a6 18.c5 Rd5 19.Ra3 Rhd8 20.Rdd3 e5 21.
Rxa6 Kb7 22.Rda3 f5 23.Ra7+ Kc8 24.dxe5 Rxe5 25.Ra8+ Kd7 26.Rd3+ Ke8 27.
Raxd8+ Bxd8 28.Kf3 Be7 29.b4 g5 30.g3 h5 31.a4 Re4 32.Rd4 g4+ 33.hxg4 
hxg4+ 34.Ke2 Bf6 35.Rxe4+ fxe4 36.Kd2 Kd7 37.Kc2 Kc8 38.Kb3 Kb7 39.Kc4 Bb2
40.Bd2 Be5 41.Bc1 Bf6 42.Bf4 Bg7 43.b5 cxb5+ 44.axb5 c6 45.b6 Bf6 46.Be3 
1-0

[Event "zonal 2.3"]
[Site "San Salvador ESA"]
[Date "1998.11.10"]
[Round "5"]
[White "Infante Meyer, Salvador"]
[Black "Soto Paez, Oliver"]
[Result "1-0"]
[WhiteElo "2225"]
[BlackElo "2320"]
[EventDate "1998.11.05"]
[PlyCount "119"]

1.e4 c5 2.Nf3 e6 3.d4 cxd4 4.Nxd4 a6 5.Nc3 Qc7 6.Bd3 Nf6 7.O-O Be7 8.Be3 
b5 9.a3 Bb7 10.Kh1 O-O 11.f4 d6 12.Qe2 Nbd7 13.Rae1 Rfe8 14.Bg1 e5 15.Nf5 
Bf8 16.Qf3 g6 17.Ng3 Bg7 18.f5 Nc5 19.Be3 Qd7 20.Bg5 Rf8 21.b4 Nxd3 22.
cxd3 Rac8 23.Rc1 h6 24.Bxf6 Bxf6 25.Nd5 Bxd5 26.Rxc8 Qxc8 27.exd5 Qd8 28.
Ne4 gxf5 29.Qxf5 Bg5 30.g3 Kh8 31.Rf2 Qb6 32.Kg2 Bd8 33.Qh5 Kg7 34.Qg4+ 
Kh8 35.Qh5 Kg7 36.Qg4+ Kh8 37.Qf5 Kg7 38.Qd7 Qd4 39.Qxd6 Bb6 40.Qf6+ Kh7 
41.Rf3 Qb2+ 42.Kh3 Bg1 43.Qf5+ Kh8 44.Rf2 Qc1 45.Rf1 Qc2 46.Rxg1 Qxd3 47.
Qxe5+ Kh7 48.Nf6+ Kg6 49.Qe4+ Qxe4 50.Nxe4 a5 51.bxa5 Ra8 52.d6 f5 53.Nc5 
b4 54.axb4 f4 55.gxf4+ Kh5 56.Re1 Rf8 57.Ne6 Rg8 58.d7 Rg6 59.Re5+ Rg5 60.
Nxg5 1-0

[Event "zonal 2.3"]
[Site "San Salvador ESA"]
[Date "1998.11.10"]
[Round "5"]
[White "Guillen Ramirez, Jose Antonio"]
[Black "Jimenez Molina, Juan Leon"]
[Result "0-1"]
[WhiteElo "2220"]
[BlackElo "2220"]
[EventDate "1998.11.05"]
[PlyCount "80"]

1.e4 c5 2.Nf3 g6 3.d4 Bg7 4.Nc3 cxd4 5.Nxd4 Nc6 6.Be3 Nf6 7.Bc4 O-O 8.Bb3 
a5 9.a4 Ng4 10.Nxc6 Nxe3 11.Nxd8 Nxd1 12.Rxd1 Bxc3+ 13.bxc3 Rxd8 14.h4 d6 
15.h5 Bd7 16.Rd3 b5 17.axb5 Bxb5 18.Rg3 e6 19.f4 a4 20.Ba2 Kf8 21.f5 gxf5 
22.exf5 exf5 23.h6 d5 24.Rg7 Bc4 25.Bxc4 dxc4 26.Rxh7 Kg8 27.Rg7+ Kh8 28.
Rxf7 a3 29.Ke2 a2 30.Ra1 Rdb8 31.Rxf5 Rb1 32.Rf1 Rb2 33.Kd2 Kh7 34.Rh1 
Rd8+ 35.Kc1 Rdb8 36.Kd2 Rb1 37.Rc1 Kxh6 38.Kd1 Kg5 39.Kd2 Kg4 40.Kd1 Kg3 
0-1

[Event "zonal 2.3"]
[Site "San Salvador ESA"]
[Date "1998.11.10"]
[Round "5"]
[White "Castillo Melenes, Otto Rene"]
[Black "Fierro Baquero, Martha"]
[Result "1-0"]
[WhiteElo "2195"]
[BlackElo "2240"]
[EventDate "1998.11.05"]
[PlyCount "67"]

1.Nf3 c5 2.g3 Nc6 3.Bg2 g6 4.d3 Bg7 5.e4 d6 6.O-O Nf6 7.Nc3 O-O 8.h3 Rb8 
9.Ne2 b5 10.Ne1 b4 11.f4 Bd7 12.g4 a5 13.Ng3 a4 14.g5 Ne8 15.h4 a3 16.Rb1 
axb2 17.Bxb2 Be6 18.f5 Bxa2 19.Bxg7 Nxg7 20.Rb2 Ra8 21.h5 Qb6 22.c4 b3 23.
Qg4 Ne5 24.Qh4 Qb4 25.Bh1 gxf5 26.exf5 Qc3 27.h6 Qxb2 28.hxg7 Rab8 29.Be4 
Qd4+ 30.Kg2 Ng4 31.f6 Qb2+ 32.Kh1 Qh2+ 33.Qxh2 Nxh2 34.Nf5 1-0

[Event "zonal 2.3"]
[Site "San Salvador ESA"]
[Date "1998.11.10"]
[Round "5"]
[White "Valdes Romero, Leonardo"]
[Black "Burgos, Carlos"]
[Result "1-0"]
[WhiteElo "2285"]
[BlackElo "2085"]
[EventDate "1998.11.05"]
[PlyCount "145"]

1.c4 e5 2.Nc3 g6 3.d4 Nc6 4.Nf3 exd4 5.Nxd4 Bg7 6.Nxc6 bxc6 7.g3 Ne7 8.Bg2
O-O 9.O-O Rb8 10.Qa4 a6 11.Rd1 c5 12.Ne4 d6 13.Nxc5 Qe8 14.Qxe8 Rxe8 15.
Nb3 Be6 16.c5 Bxb3 17.axb3 dxc5 18.Rxa6 Rxb3 19.Ra7 Bxb2 20.Rxc7 Bxc1 21.
Rxc1 Rb5 22.e3 Kf8 23.Bf1 Ra5 24.R1xc5 Rxc5 25.Rxc5 Rc8 26.Ra5 f5 27.Kg2 
Kf7 28.Ra7 Kf6 29.h3 h5 30.Bd3 Rc3 31.Bb1 Rc6 32.h4 Nc8 33.Rd7 Nb6 34.Rb7 
Nc4 35.Ra7 Nd6 36.Ba2 Nc4 37.Bxc4 Rxc4 38.Ra6+ Kf7 39.Kf3 Rb4 40.Rd6 Rc4 
41.Rd4 Rc6 42.Kf4 Kf6 43.f3 Rc1 44.Rd6+ Kf7 45.Ra6 Re1 46.Rb6 Rg1 47.Rb3 
Rf1 48.Ra3 Kf6 49.Rc3 Kf7 50.Rc6 Rg1 51.e4 fxe4 52.fxe4 Rf1+ 53.Kg5 Rf3 
54.Rc7+ Ke6 55.Kxg6 Rxg3+ 56.Kxh5 Ke5 57.Re7+ Kf6 58.Re8 Kf7 59.Ra8 Re3 
60.Ra4 Kf6 61.Kh6 Rg3 62.h5 Rg8 63.Ra6+ Kf7 64.e5 Re8 65.Rf6+ Kg8 66.e6 
Re7 67.Kg5 Kh7 68.h6 Kg8 69.Rg6+ Kf8 70.Kf5 Ra7 71.Rg4 Ra1 72.h7 Rf1+ 73.
Ke4 1-0

[Event "zonal 2.3"]
[Site "San Salvador ESA"]
[Date "1998.11.10"]
[Round "5"]
[White "Lorenzana, Wilson Estuardo"]
[Black "Chavez, Ricardo Ernesto"]
[Result "0-1"]
[WhiteElo "2130"]
[BlackElo "2150"]
[EventDate "1998.11.05"]
[PlyCount "114"]

1.e4 c5 2.Nf3 Nc6 3.Bb5 e6 4.O-O Nge7 5.Re1 Ng6 6.c3 d5 7.exd5 Qxd5 8.d4 
cxd4 9.c4 Qd6 10.b3 Bd7 11.Ba3 Qf4 12.Bxf8 Nxf8 13.Bxc6 Bxc6 14.Qxd4 Ng6 
15.Qxf4 Nxf4 16.Nbd2 O-O-O 17.Ne4 f6 18.c5 Bxe4 19.Rxe4 e5 20.Rc4 Rd5 21.
g3 Ne6 22.b4 Rhd8 23.a4 a6 24.Kg2 Rd1 25.Rxd1 Rxd1 26.Nh4 g6 27.f4 exf4 
28.gxf4 Nd4 29.Nf3 Nf5 30.Re4 Kd7 31.b5 axb5 32.axb5 Rc1 33.c6+ bxc6 34.
bxc6+ Rxc6 35.Ra4 h6 36.Nd4 Nxd4 37.Rxd4+ Ke6 38.Kf3 Rc3+ 39.Kg2 Kf5 40.
Kf2 Rh3 41.Kg2 Re3 42.Rd6 Re6 43.Rd4 Re4 44.Rxe4 Kxe4 45.Kg3 h5 46.h3 g5 
47.fxg5 fxg5 48.h4 g4 49.Kf2 Kf4 50.Kg2 Ke3 51.Kg3 Ke4 52.Kf2 Kf5 53.Kg3 
Ke5 54.Kf2 Ke4 55.Kg3 Ke3 56.Kg2 Kf4 57.Kh2 Kf3 0-1

[Event "zonal 2.3"]
[Site "San Salvador ESA"]
[Date "1998.11.11"]
[Round "6"]
[White "Clavijo, Jorge Mario"]
[Black "Arencibia, Walter"]
[Result "0-1"]
[WhiteElo "2400"]
[BlackElo "2550"]
[EventDate "1998.11.05"]
[PlyCount "81"]

1.d4 Nf6 2.Nf3 g6 3.Bf4 Bg7 4.e3 O-O 5.Nbd2 d6 6.c3 Nbd7 7.Bc4 b6 8.O-O 
Bb7 9.h3 c5 10.Qe2 a6 11.a4 Ra7 12.Bd3 cxd4 13.exd4 Nd5 14.Bg3 Bh6 15.Rfe1
N7f6 16.c4 Nb4 17.d5 Nh5 18.Bh2 Qa8 19.b3 Bg7 20.Rac1 b5 21.cxb5 axb5 22.
Bxb5 Nxd5 23.Qf1 Bh6 24.Rc4 e5 25.Rec1 Nb6 26.Rc6 Bxc6 27.Rxc6 Qd8 28.Qd3 
Nc8 29.Nc4 e4 30.Qxe4 d5 31.Qc2 dxc4 32.Bxc4 Ne7 33.Rc5 Rd7 34.Be5 Rd1+ 
35.Kh2 Bf4+ 36.Bxf4 Nxf4 37.Qe4 Qd6 38.Qe5 Ne6 39.Qxd6 Rxd6 40.Rb5 Nc6 41.
a5 0-1

[Event "zonal 2.3"]
[Site "San Salvador ESA"]
[Date "1998.11.11"]
[Round "6"]
[White "Minero Pineda, Sergio"]
[Black "Zapata, Alonso"]
[Result "1/2-1/2"]
[WhiteElo "2405"]
[BlackElo "2470"]
[EventDate "1998.11.05"]
[PlyCount "57"]

1.Nf3 Nf6 2.c4 d6 3.d4 Nbd7 4.g3 e5 5.Bg2 Be7 6.Nc3 O-O 7.O-O c6 8.e4 Re8 
9.h3 Bf8 10.Re1 a6 11.a4 a5 12.Be3 exd4 13.Nxd4 Nc5 14.Qc2 Qb6 15.Rad1 Qb4
16.b3 g6 17.Ncb5 Na6 18.Nc3 Bg7 19.Na2 Qa3 20.Qb1 d5 21.cxd5 cxd5 22.exd5 
Bd7 23.Nc3 Qf8 24.Ncb5 Red8 25.Bf4 Ne8 26.Bg5 Nf6 27.Bf4 Ne8 28.Bg5 Nf6 
29.Bf4 1/2-1/2

[Event "zonal 2.3"]
[Site "San Salvador ESA"]
[Date "1998.11.11"]
[Round "6"]
[White "Garcia, Gildardo"]
[Black "Rohl Montes, Juan"]
[Result "1-0"]
[WhiteElo "2510"]
[BlackElo "2330"]
[EventDate "1998.11.05"]
[PlyCount "95"]

1.e4 c5 2.Nf3 e6 3.d4 cxd4 4.Nxd4 a6 5.Nc3 b5 6.g3 Bb7 7.Bg2 b4 8.Nce2 Nf6
9.O-O Bxe4 10.Bxe4 Nxe4 11.Nf4 Bc5 12.Re1 Nf6 13.Qf3 Bxd4 14.Qxa8 O-O 15.
Qf3 Nc6 16.Nd3 d5 17.Bd2 Ne4 18.Rxe4 dxe4 19.Qxe4 Qb6 20.a3 a5 21.axb4 
axb4 22.Ra4 Re8 23.Bxb4 f5 24.Qf3 Bf6 25.Bc5 Qb5 26.b3 Rd8 27.Be3 h6 28.
Rc4 Ne7 29.Rb4 Qa5 30.Qb7 Qa1+ 31.Kg2 Nd5 32.Rc4 Nxe3+ 33.fxe3 Kh7 34.Qf3 
Qb1 35.e4 Ra8 36.Qf1 Qa2 37.exf5 e5 38.Qf3 Re8 39.Nf2 Rd8 40.Ne4 Qa6 41.h4
Kg8 42.Kh3 Qa1 43.Rc7 Kh8 44.Rc6 Qe1 45.Nxf6 gxf6 46.Rxf6 e4 47.Rxh6+ Kg7 
48.Qg4+ 1-0

[Event "zonal 2.3"]
[Site "San Salvador ESA"]
[Date "1998.11.11"]
[Round "6"]
[White "Castillo Melenes, Otto Rene"]
[Black "Murillo Tsijli, Alexis"]
[Result "0-1"]
[WhiteElo "2195"]
[BlackElo "2420"]
[EventDate "1998.11.05"]
[PlyCount "62"]

1.Nf3 Nf6 2.g3 g6 3.Bg2 Bg7 4.d3 O-O 5.e4 d6 6.O-O c5 7.Nc3 Nc6 8.h3 Rb8 
9.Ne2 b5 10.Ne1 Ne8 11.f4 Nc7 12.g4 Nd4 13.Ng3 b4 14.f5 Ncb5 15.g5 a5 16.
Qg4 a4 17.Qh4 Re8 18.f6 Bf8 19.Be3 a3 20.bxa3 bxa3 21.Rb1 Bd7 22.Bd2 Nc7 
23.Rxb8 Qxb8 24.c3 Qb2 25.Rf2 Nde6 26.Nf5 Qxa2 27.Nh6+ Bxh6 28.Qxh6 Qb2 
29.Bf1 a2 30.Rf4 Qxd2 31.Rh4 Qxg5+ 0-1

[Event "zonal 2.3"]
[Site "San Salvador ESA"]
[Date "1998.11.11"]
[Round "6"]
[White "Soto Paez, Oliver"]
[Black "Pilarte, Rene"]
[Result "1/2-1/2"]
[WhiteElo "2320"]
[BlackElo "2250"]
[EventDate "1998.11.05"]
[PlyCount "52"]

1.e4 c5 2.Nf3 d6 3.d4 cxd4 4.Nxd4 Nf6 5.Nc3 a6 6.Bg5 e6 7.f4 Qc7 8.Qf3 Nc6
9.Nxc6 bxc6 10.O-O-O Bb7 11.f5 e5 12.Bc4 Be7 13.g4 h6 14.Bh4 O-O 15.g5 
hxg5 16.Bxg5 Rfd8 17.Rhg1 d5 18.Bh6 Bf8 19.Qg2 Nh5 20.exd5 cxd5 21.Bxd5 
Rab8 22.Bxg7 Bxg7 23.f6 Bxd5 24.Nxd5 Rxd5 25.Rxd5 Qb6 26.fxg7 Qxb2+ 
1/2-1/2

[Event "zonal 2.3"]
[Site "San Salvador ESA"]
[Date "1998.11.11"]
[Round "6"]
[White "Beltran, Carlos Armando"]
[Black "Denny, Kevin"]
[Result "0-1"]
[WhiteElo "2270"]
[BlackElo "2260"]
[EventDate "1998.11.05"]
[PlyCount "72"]

1.Nf3 Nf6 2.d4 g6 3.Bg5 Bg7 4.Nbd2 O-O 5.e3 d6 6.Bc4 c5 7.c3 Nc6 8.O-O b6 
9.Rc1 Bb7 10.Qe2 a6 11.Rfd1 Qc7 12.a4 Na5 13.Ba2 Rac8 14.b4 cxb4 15.cxb4 
Qxc1 16.Rxc1 Rxc1+ 17.Ne1 Ra1 18.Nb1 Nc6 19.Qb2 Rxa2 20.Qxa2 Nxb4 21.Qb3 
a5 22.f3 Rc8 23.Nd3 Bd5 24.Qd1 Nxd3 25.Qxd3 Rc1+ 26.Kf2 Bc4 27.Qd2 Rxb1 
28.Qc2 Rb4 29.e4 Nd7 30.Bd2 Bxd4+ 31.Ke1 Ne5 32.Bxb4 axb4 33.f4 b3 34.Qd1 
Nd3+ 35.Kd2 b2 36.Qc2 Nc5 0-1

[Event "zonal 2.3"]
[Site "San Salvador ESA"]
[Date "1998.11.11"]
[Round "6"]
[White "Infante Meyer, Salvador"]
[Black "Valdes Romero, Leonardo"]
[Result "0-1"]
[WhiteElo "2225"]
[BlackElo "2285"]
[EventDate "1998.11.05"]
[PlyCount "120"]

1.e4 d6 2.d4 Nf6 3.Nc3 g6 4.Bc4 Bg7 5.Qe2 Nc6 6.e5 Nd7 7.Nf3 dxe5 8.Bxf7+ 
Kxf7 9.Ng5+ Ke8 10.Qc4 Nf6 11.Qf7+ Kd7 12.Qe6+ Ke8 13.Qf7+ Kd7 14.dxe5 
Nxe5 15.Qe6+ Ke8 16.Qxe5 Qd6 17.Qe2 h6 18.Nf3 Qe6 19.Be3 c6 20.O-O-O Ng4 
21.Nd4 Qe5 22.Nf3 Qe6 23.Nd4 Qe5 24.Rd3 Bf5 25.Nxf5 Qxf5 26.Re1 Bf6 27.Bd4
Rh7 28.Bxf6 Nxf6 29.Kb1 Rd8 30.Rf3 Qg5 31.Re3 Rd7 32.f3 Rf7 33.g3 Nd5 34.
f4 Nxc3+ 35.Rxc3 Qd5 36.Rd3 Qb5 37.a4 Qf5 38.g4 Qf6 39.Rf3 Qd4 40.b3 Rxf4 
41.Rxf4 Qxf4 42.Qe6 Kd8 43.h3 Qf6 44.Qe3 Kc7 45.Qxa7 Qc3 46.Qg1 Rd2 47.Rc1
g5 48.Qe1 e5 49.Qe4 Kb6 50.Ka2 Rd4 51.Qe1 Qxh3 52.Qxe5 Qxg4 53.a5+ Ka7 54.
Qc5+ Kb8 55.Rf1 Rf4 56.Qd6+ Ka7 57.Qc7 Rxf1 58.Qb6+ Kb8 59.a6 Qd7 60.axb7 
Rf8 0-1

[Event "zonal 2.3"]
[Site "San Salvador ESA"]
[Date "1998.11.11"]
[Round "6"]
[White "Reyes Najera, Carlos Antonio"]
[Black "Sosa Trani, Luis"]
[Result "1/2-1/2"]
[WhiteElo "2235"]
[BlackElo "2225"]
[EventDate "1998.11.05"]
[PlyCount "25"]

1.d4 Nf6 2.c4 c5 3.e3 g6 4.Nf3 Bg7 5.Nc3 O-O 6.Be2 cxd4 7.exd4 d5 8.h3 
dxc4 9.Bxc4 Nbd7 10.O-O Nb6 11.Bb3 Nbd5 12.Re1 b6 13.Nxd5 1/2-1/2